00894nam a2200289 45000010009000000050017000090070004000260080004000300100017000340200015000510400019000660420008000850500026000930820017001191000023001362450055001592500012002142600035002263000072002615000020003336500020003536500018003739060045003919420012004369990015004489520141004631236907320150511092108.0000000 a 2001030997 a0072476990 aUOELcDLCdDLC apcc00aTK7868.L6b.M355 200200a621.39/52211 aMarcovitz, Alan B.10aIntroduction to logic design /cAlan B. Marcovitz. a1st ed. aBoston :bMcGraw-Hill,cc2002. axi, 572 p. :bill. ;c24 cm.e+ 1 computer optical disc (4 3/4 in.) aIncludes index. 0aLogic circuits. 0aLogic design. a7bcbccorignewd1eocipf20gy-gencatlg 2lcccLL c7036d7036 00102lcc4070aUOEbUOEcGENd2015-05-11l2oTK7868.L6 .M355 2002p20141640r2018-11-07 00:00:00s2018-10-25t20141640w2015-05-11yLL